Health dimensions of economic reform

Gardado en:
Detalles Bibliográficos
Autor Principal: WHO
Formato: Libro
Idioma:Undetermined
Publicado: Geneva OMS 1992
Những chủ đề:
Các nhãn: Engadir etiqueta
Sen Etiquetas, Sexa o primeiro en etiquetar este rexistro!
Thư viện lưu trữ: Trung tâm Học liệu Trường Đại học Cần Thơ
LEADER 00468nam a2200181Ia 4500
001 CTU_6390
008 210402s9999 xx 000 0 und d
082 |a 306.3 
082 |b W927h 
100 |a WHO 
245 0 |a Health dimensions of economic reform 
245 0 |c WHO 
260 |a Geneva 
260 |b OMS 
260 |c 1992 
650 |a health education 
904 |i Nguyễn Quang Điền, 960820 
980 |a Trung tâm Học liệu Trường Đại học Cần Thơ